|
|
|
|
| LEADER |
00000caa a22000002c 4500 |
| 001 |
163321334X |
| 003 |
DE-627 |
| 005 |
20231011170946.0 |
| 007 |
tu |
| 008 |
130926s1987 xx ||||| 00| ||ger c |
| 035 |
|
|
|a (DE-627)163321334X
|
| 035 |
|
|
|a (DE-576)393864057
|
| 035 |
|
|
|a (DE-599)BSZ393864057
|
| 040 |
|
|
|a DE-627
|b ger
|c DE-627
|e rakwb
|
| 041 |
|
|
|a ger
|
| 100 |
1 |
|
|a Heigl-Evers, Annelise
|d 1921-2002
|0 (DE-588)120734206
|0 (DE-627)080857396
|0 (DE-576)161353207
|4 aut
|
| 109 |
|
|
|a Heigl-Evers, Annelise 1921-2002
|a Evers, Annelise Heigl- 1921-2002
|a Heigl-Evers, Anneliese 1921-2002
|a Heigl-Evers, A. 1921-2002
|a Evers, Annelise 1921-2002
|a Evers, Anneliese 1921-2002
|a Evers, Anne-Lise 1921-2002
|
| 245 |
1 |
0 |
|a Zur Strukturdiagnose in der Psychotherapie
|c Annelise Heigl-Evers; F. Heigl; Maria Ibenthal
|
| 264 |
|
1 |
|c 1987
|
| 336 |
|
|
|a Text
|b txt
|2 rdacontent
|
| 337 |
|
|
|a ohne Hilfsmittel zu benutzen
|b n
|2 rdamedia
|
| 338 |
|
|
|a Band
|b nc
|2 rdacarrier
|
| 700 |
1 |
|
|a Heigl, Franz
|d 1920-2001
|0 (DE-588)142154385
|0 (DE-627)634412353
|0 (DE-576)328169900
|4 aut
|
| 700 |
1 |
|
|a Ibenthal, Maria
|4 aut
|
| 773 |
0 |
8 |
|i In
|t Psychotherapie, Psychosomatik, medizinische Psychologie
|d Stuttgart [u.a.] : Thieme, 1980
|g 37(1987), 7, Seite 225-232
|w (DE-627)130637203
|w (DE-600)800571-0
|w (DE-576)016145380
|x 0937-2032
|7 nnas
|
| 773 |
1 |
8 |
|g volume:37
|g year:1987
|g number:7
|g pages:225-232
|
| 951 |
|
|
|a AR
|
| ELC |
|
|
|b 1
|
| LOK |
|
|
|0 000 xxxxxcx a22 zn 4500
|
| LOK |
|
|
|0 001 3286490334
|
| LOK |
|
|
|0 003 DE-627
|
| LOK |
|
|
|0 004 163321334X
|
| LOK |
|
|
|0 005 20260302080651
|
| LOK |
|
|
|0 008 130926||||||||||||||||ger|||||||
|
| LOK |
|
|
|0 040
|a DE-21-110
|c DE-627
|d DE-21-110
|
| LOK |
|
|
|0 689
|a s
|a Psychotherapie
|
| LOK |
|
|
|0 689
|a s
|a Diagnostik
|
| LOK |
|
|
|0 852
|z Kein Bestand am IfK; Nachweis für KrimDok
|
| LOK |
|
|
|0 852
|a DE-21-110
|
| LOK |
|
|
|0 852 1
|m v
|9 00
|
| LOK |
|
|
|0 935
|a k110
|
| LOK |
|
|
|0 938
|k v
|
| LOK |
|
|
|0 939
|a 26-09-13
|b l01
|
| ORI |
|
|
|a WA-MARC-krimdoka001.raw
|